| 000 | 00736pam a2200217 a 4500 | ||
|---|---|---|---|
| 001 | 3416458 | ||
| 005 | 20241210163921.0 | ||
| 008 | 900522s1991 nyuaf b 001 0 eng | ||
| 020 | _a0070626073 | ||
| 050 | 0 | 0 |
_aHV10.5 _b.S97 1991 |
| 082 | 0 | 0 |
_a361.3/2/02373 _220 |
| 100 | 1 | _aSuppes, Mary Ann. | |
| 245 | 1 | 4 |
_aThe social work experience : _ban introduction to the profession / _cMary Ann Suppes, Carolyn Cressy Wells. |
| 260 |
_aNew York : _bMcGraw-Hill, _cc1991. |
||
| 300 |
_axviii, 433 p., [8] p. of plates : _bill. ; _c25 cm. |
||
| 500 | _aINCLUDES GLOSSARY | ||
| 650 | 0 |
_aSocial service _zUnited States. |
|
| 650 | 0 |
_aSocial service _xVocational guidance _zUnited States. |
|
| 700 | 1 | _aWells, Carolyn Cressy. | |
| 942 |
_2lcc _cBK _n0 |
||
| 999 |
_c2043 _d2043 |
||